Sports Quiz

Random Sports or NHL Quiz
Score 0/60 Timer 08:00
0 Plays Today
League/sport Coaches % Correct
National Basketball AssociationPhil Jackson
78%
National Football LeagueDon Shula
63.9%
Major League BaseballJoe Torre
58.5%
Men's College Basketball (Div I)Dean Smith
57.7%
Men's College Basketball (Div I)Mike Krzyzewski
57.5%
College Football (FBS)Joe Paterno
56.9%
Men's College Basketball (Div I)Bob Knight
55.7%
National Football LeagueTom Landry
52.8%
Major League BaseballTony LaRussa
52.4%
College Football (FBS)Bobby Bowden
48%
National Football LeagueBill Belichick
46.7%
National Basketball AssociationLarry Brown
45.5%
College Football (FBS)Paul 'Bear' Bryant
45.2%
National Football LeaguePaul Brown
44.1%
National Basketball AssociationPat Riley
40%
National Hockey LeagueScotty Bowman
39.3%
Major League BaseballBobby Cox
38.5%
National Basketball AssociationBill Fitch
37.9%
National Football LeagueChuck Noll
37.6%
National Basketball AssociationLenny Wilkens
37.2%
Men's College Basketball (Div I)Jim Boeheim
37.2%
Major League BaseballConnie Mack
36.7%
National Football LeagueGeorge Halas
36%
Major League BaseballSparky Anderson
34.5%
National Basketball AssociationDon Nelson
27.7%
Men's College Basketball (Div I)Adolph Rupp
26.3%
College Football (FBS)Mack Brown
23.6%
Major League BaseballJohn McGraw
22.3%
National Basketball AssociationJerry Sloan
21.1%
National Football LeagueCurly Lambeau
19.1%
League/sport Coaches % Correct
National Basketball AssociationGregg Popovich
18.9%
Men's College Basketball (Div I)Jim Calhoun
18.1%
Major League BaseballJoe McCarthy
16.1%
National Football LeagueAndy Reid
15.8%
National Hockey LeagueLindy Ruff
15.3%
National Basketball AssociationGeorge Karl
14.6%
National Football LeagueDan Reeves
14.2%
National Football LeagueMarty Schottenheimer
13.2%
Major League BaseballWalter Alston
13.1%
College Football (FBS)Tom Osborne
11.5%
Men's College Basketball (Div I)Roy Williams
11.4%
National Hockey LeagueAl Arbour
11.1%
National Hockey LeagueMike Babcock
8.8%
College Football (FBS)Amos Alonzo Stagg
8.7%
Major League BaseballLeo Durocher
8.6%
National Hockey LeaguePaul Maurice
8.4%
Men's College Basketball (Div I)Lute Olson
8.4%
Men's College Basketball (Div I)Eddie Sutton
8.4%
National Hockey LeagueKen Hitchcock
7.6%
College Football (FBS)Frank Beamer
7.2%
National Hockey LeagueJoel Quenneville
6.7%
College Football (FBS)Pop Warner
6.7%
National Hockey LeaguePat Quinn
6.4%
National Basketball AssociationRick Adelman
6.2%
Major League BaseballBucky Harris
5.6%
College Football (FBS)LaVell Edwards
4.5%
National Hockey LeagueBarry Trotz
3.5%
National Hockey LeagueDick Irvin
3.3%
Men's College Basketball (Div I)Lefty Driesell
2.9%
College Football (FBS)Andy Talley
1.1%
Remove Ads.
Support Sporcle.
Get the best of Sporcle when you Go Orange. This ad-free experience offers more features, more stats, and more fun while also helping to support Sporcle. Thank you for becoming a member.

You're not logged in!

Compare scores with friends on all Sporcle quizzes.
OR
Log In

Sporcle TV

Today on Sporcle TV


Watch our educational content, quiz creation guides, and fun videos on Sporcle TV.

Show Comments

Extras

Top Quizzes Today


Score Distribution

Paid Content

Your Account Isn't Verified!

In order to create a playlist on Sporcle, you need to verify the email address you used during registration. Go to your Sporcle Settings to finish the process.

Report this User

Report this user for behavior that violates our Community Guidelines.

Details: